| 000 | 00392nam a22001457a 4500 | ||
|---|---|---|---|
| 005 | 20250619092007.0 | ||
| 008 | 250619b |||||||| |||| 00| 0 eng d | ||
| 020 | _a9780805427547 | ||
| 050 |
_aBR146 _b.B2 BAK |
||
| 100 | _aBAKER A. ROBERT | ||
| 245 | _aA SUMMARY OF CHRISTIAN HISTORY | ||
| 260 |
_aNASHVILLE _bBROADMAN AND HOLMAN PUBLISHERS _cc2002 |
||
| 300 | _axi, 435p | ||
| 942 |
_2lcc _cBK _n0 |
||
| 999 |
_c6580 _d6580 |
||